Les 100 verbes principaux en Italien - Statistiques

Statistiques générales
  • Ce quiz a été pris 250 fois
  • Le résultat moyen est 59 sur 119
Statistiques - réponses
Hint Réponse % Correct
Aller | Rentrer andare
91%
Avoir avere
88%
Aimer amare
85%
Aider aiutare
81%
Chanter cantare
81%
Parler parlare
79%
Acheter comprare
78%
Être essere
78%
Faire fare
78%
Manger mangiare
78%
Dire dire
76%
Dormir dormire
75%
Vivre vivere
73%
Penser pensare
72%
Jouer giocare
71%
Partir partire
71%
Prendre prendere
71%
Venir venire
71%
Ecouter ascoltare
69%
Travailler lavorare
69%
Ecrire scrivere
69%
Ouvrir aprire
68%
Arriver arrivare
67%
Mettre mettere
67%
Boire bere
66%
Appeler chiamare
66%
Perdre perdere
66%
Finir/Terminer finire
65%
Payer pagare
65%
Changer cambiare
64%
Cuisiner cucinare
64%
Lire leggere
64%
Voir vedere
64%
Vouloir volere
64%
Regarder guardare
63%
Connaître | Savoir sapere
63%
Croire credere
62%
Retrouver | Trouver trovare
61%
Vendre vendere
61%
Chercher cercare
60%
Pouvoir potere
60%
Donner dare
59%
Fermer chiudere
58%
Comprendre Capire
57%
Entrer entrare
57%
Voler (dans le ciel) volare
56%
Répondre rispondere
55%
Sortir uscire
55%
Continuer continuare
54%
Compter contare
52%
Devoir dovere
50%
Apporter portare
50%
Préparer preparare
50%
Tirer tirare
50%
Attendre aspettare
49%
Retourner (dans l’autre sens) tornare
49%
Apprendre imparare
48%
Tenir tenere
48%
Courir correre
47%
Oublier dimenticare
47%
Laver/Nettoyer lavare
47%
Descendre scendere
47%
Decider decidere
46%
Se laver lavarsi
46%
Marcher camminare
45%
Montrer mostrare
45%
Demander chiedere
43%
Exister esistere
43%
Pleurer piangere
42%
Rire ridere
42%
Toucher toccare
42%
Laisser lasciare
41%
Recevoir ricevere
41%
Accepter accettare
40%
Rencontrer incontrare
40%
Essayer provare
40%
Suivre seguire
40%
Entendre sentire
40%
Couper tagliare
40%
Rendre rendere
39%
Conduire guidare
37%
Choisir scegliere
37%
Se réveiller svegliarsi
37%
Utiliser utilizzare
37%
Gagner vincere
37%
Ajouter aggiungere
36%
Arrêter fermare
36%
Poser posare
36%
Reconnaître riconoscere
36%
Devenir diventare
35%
Tourner girare
35%
Tomber cadere
34%
Commencer Iniziare
33%
Rester restare
33%
Répéter ripetere
32%
Casser rompere
32%
Expliquer spiegare
32%
Rappeler | Se souvenir/Se rappeler ricordare
31%
Voler (quelque chose) rubare
31%
Refuser rifiutare
29%
Réussir riuscire
29%
Envoyer mandare
28%
S’asseoir sedersi
27%
Allumer accendere
26%
Se reposer riposarsi
26%
Revenir ritornare
23%
Eteindre spegnere
23%
Goûter assaggiare
19%
Jeter gettare
18%
Porter (un vêtement) indossare
16%
S’endormir addormentarsi
14%
Garder mantenere
12%
Empêcher prevenire
7%
Ressembler somigliare
6%
Permettre consentire
2%
Aucun quiz correspondant
Distribution des résultats
% des personnes avec chaque résultat
Percentile par nombre de réponses
Votre historique - résultats
Vous n’avez pas pris ce quiz